Economical writing

Salvato in:
Dettagli Bibliografici
Autore principale: McCloskey, Deirdre N.
Natura: Libro
Lingua:inglese
Pubblicazione: Long Growe Waveland Press 2000
Edizione:2nd ed.
Soggetti:
Tags: Aggiungi Tag
Nessun Tag, puoi essere il primo ad aggiungerne!!

MARC

LEADER 00000nam$a2200000$$$4500
001 0067797
005 20260105120721.3
020 |a 978-1-57766-063-7 
020 |a 1-57766-063-3 
041 0 |a eng 
044 |a US 
245 1 0 |a Economical writing  |c Deirdre N. McCloskey 
250 |a 2nd ed. 
264 1 |a Long Growe  |b Waveland Press  |c 2000 
300 |a 98 s. 
610 2 0 |a komunikácia 
610 2 0 |a štylistika 
610 2 0 |a rétorika 
100 1 |a McCloskey, Deirdre N.